UBT Library

TEACHING ENGLISH AS A SECOND OR FOREIGN LANGUAGE (Record no. 30567)

000 -LEADER
fixed length control field 00322nam a22001337a 4500
008 - FIXED-LENGTH DATA ELEMENTS--GENERAL INFORMATION
fixed length control field 170928b xxu||||| |||| 00| 0 eng d
020 ## - INTERNATIONAL STANDARD BOOK NUMBER
International Standard Book Number 9780838419922
041 ## - LANGUAGE CODE
Language code of text/sound track or separate title eng
080 ## - UNIVERSAL DECIMAL CLASSIFICATION NUMBER
Edition identifier 3RD
Universal Decimal Classification number 37
100 ## - Rafti
Rafti 47
101 ## - Shkurtesa
Shkurtesa EDU
245 ## - TITLE STATEMENT
Title TEACHING ENGLISH AS A SECOND OR FOREIGN LANGUAGE
Statement of responsibility, etc MURCIA,M.C
942 ## - ADDED ENTRY ELEMENTS (KOHA)
Source of classification or shelving scheme
Item type Books
Holdings
Withdrawn status Lost status Source of classification or shelving scheme Damaged status Not for loan Collection code Permanent location Current location Shelving location Date acquired Total Checkouts Full call number Barcode Date last seen Price effective from Koha item type
          Koleksioni i përgjithshem UBT - Lipjan UBT - Lipjan Koleksioni i përgjithshem 09/28/2017   37 MUR 002-2922105 09/28/2017 09/28/2017 Books
          Koleksioni i përgjithshem UBT - Lipjan UBT - Lipjan Koleksioni i përgjithshem 04/29/2021   82 MUR 002-5000217 04/29/2021 04/29/2021 Books
          Koleksioni i përgjithshem UBT - Lipjan UBT - Lipjan Koleksioni i përgjithshem 05/31/2021   371 MUR 002-7003368 05/31/2021 05/31/2021 Books
UBT Library © 2015-2024. All rights reserved University Education for Business and Technology